|
|
|
|
| LEADER |
01189nam a2200277 i 4500 |
| 001 |
c000139125 |
| 003 |
CARM |
| 005 |
00000000000000.0 |
| 008 |
741016r19751974caua b 00110 eng |
| 019 |
1 |
|
|a 452075
|z 27521276
|5 LACONCORD2021
|
| 020 |
|
|
|a 071670353X.
|a 0716703521
|b pbk.
|
| 035 |
|
|
|a (OCoLC)1093435
|5 LACONCORD2021
|
| 050 |
0 |
0 |
|a QB54
|b .B69 1975
|
| 082 |
0 |
0 |
|a 919.9/03
|
| 100 |
1 |
|
|a Bracewell, Ronald Newbold,
|d 1921-
|
| 245 |
1 |
4 |
|a The Galactic Club :
|b intelligent life in outer space /
|c Ronald N. Bracewell.
|
| 260 |
|
|
|a San Francisco :
|b W. H. Freeman : distributed by Scribner, New York,
|c [1975]
|
| 300 |
|
|
|a xii, 141 p. ;
|b ill. ;
|c 24 cm.
|
| 500 |
|
|
|a Reprint of the 1974 ed. published by the Stanford Alumni Association, Stanford, Calif., which was issued in series: The Portable Stanford.
|
| 500 |
|
|
|a Includes index.
|
| 504 |
|
|
|a Bibliography: p. 130-133.
|
| 650 |
|
0 |
|a Life on other planets.
|
| 830 |
|
4 |
|a The Portable Stanford
|
| 852 |
8 |
|
|b CARM
|h A2:AF16A0
|i B01599
|p 0068246
|f BK
|
| 999 |
f |
f |
|i fa66821f-d41b-5a88-9cbf-a20044d8ed85
|s 7d5351b0-f2be-5464-b333-b8c9273c461e
|
| 952 |
f |
f |
|p Can circulate
|a CAVAL
|b CAVAL
|c CAVAL
|d CARM 1 Store
|e B01599
|f A2:AF16A0
|h Other scheme
|i book
|m 0068246
|